[Event "6.Torneo de Promoción Almansa 2011"]
[Site "Almansa ESP"]
[Date "2011.08.13"]
[Round "8.12"]
[White "Laliena Solanes, Luis"]
[Black "Mingarro Carceller, Sergi"]
[Result "1-0"]
[WhiteElo "2197"]
[BlackElo "2069"]
[PlyCount "53"]
[EventDate "2011.08.09"]
[EventType "swiss"]
[EventRounds "9"]
[EventCountry "ESP"]
[Source "lmi"]
[SourceDate "2011.08.09"]

1. d4 f5 2. Nf3 d6 3. Bf4 Nf6 4. h3 g6 5. e3 Bg7 6. Bc4 e6 7. g4 d5 8. Bd3 c5
9. dxc5 Ne4 10. c3 Nxc5 11. gxf5 exf5 12. Bb5+ Bd7 13. Na3 Bc6 14. Nd4 Qf6 15.
Nxc6 bxc6 16. Qxd5 cxb5 17. Qxc5 Qc6 18. Qxc6+ Nxc6 19. Nxb5 O-O 20. Nc7 Rab8
21. O-O-O Be5 22. Bxe5 Nxe5 23. b3 Rb7 24. Ne6 Rc8 25. Kc2 Nf3 26. Rd6 Kf7 27.
Nd8+ 1-0

[Event "6.Torneo de Promoción Almansa 2011"]
[Site "Almansa ESP"]
[Date "2011.08.13"]
[Round "8.13"]
[White "Jordan Martinez, David"]
[Black "Diez Fraile, David"]
[Result "1/2-1/2"]
[WhiteElo "2141"]
[BlackElo "2196"]
[PlyCount "37"]
[EventDate "2011.08.09"]
[EventType "swiss"]
[EventRounds "9"]
[EventCountry "ESP"]
[Source "lmi"]
[SourceDate "2011.08.09"]

1. e4 c5 2. b3 d6 3. Bb2 Nf6 4. Nc3 Nc6 5. Bb5 Bd7 6. Bxc6 Bxc6 7. Qe2 g6 8.
Nf3 Bg7 9. Rb1 e5 10. O-O O-O 11. d3 Re8 12. Rfe1 Qd7 13. Bc1 h6 14. Be3 b6 15.
Bd2 Rad8 16. Rbd1 Qb7 17. Bc1 Nh5 18. Nh4 Nf6 19. Nf3 1/2-1/2

[Event "6.Torneo de Promoción Almansa 2011"]
[Site "Almansa ESP"]
[Date "2011.08.13"]
[Round "8.14"]
[White "Martinez Lopez, David"]
[Black "Moreno Ibanez, Miguel"]
[Result "0-1"]
[WhiteElo "2183"]
[BlackElo "2022"]
[PlyCount "136"]
[EventDate "2011.08.09"]
[EventType "swiss"]
[EventRounds "9"]
[EventCountry "ESP"]
[Source "lmi"]
[SourceDate "2011.08.09"]

1. e4 c5 2. Nf3 Nc6 3. Nc3 d6 4. d4 cxd4 5. Nxd4 Nf6 6. Bc4 e6 7. Bb3 Be7 8.
Be3 O-O 9. f3 a6 10. Qd2 Qc7 11. g4 Nd7 12. O-O-O Nc5 13. Kb1 Bd7 14. h4 Nxd4
15. Bxd4 b5 16. Ne2 a5 17. a3 b4 18. Bxc5 Qxc5 19. a4 Rfd8 20. g5 Bc6 21. Nf4
Qe5 22. Nd3 Qd4 23. h5 g6 24. hxg6 hxg6 25. Rh3 Bf8 26. Rdh1 Bg7 27. Rh4 Qb6
28. Qh2 Kf8 29. Rh7 Qd4 30. Qd2 Ke7 31. e5 Bxe5 32. Nxe5 dxe5 33. Qh2 Qf4 34.
Qh6 Qf5 35. Ka2 Rac8 36. Re1 Bd5 37. Qg7 Bxb3+ 38. cxb3 Rd5 39. Reh1 Rd2 40.
Ka1 Rdc2 41. Qf6+ Qxf6 42. gxf6+ Kxf6 43. Kb1 Rf2 44. Rd1 Rcc2 45. Rd7 Rxb2+
46. Ka1 Rxb3 47. Rdxf7+ Kg5 48. Rh1 Rfxf3 49. Rg1+ Rg3 50. Rgf1 Ra3+ 51. Kb2
Rg2+ 52. Kb1 b3 53. R7f3 Rxa4 54. Re3 e4 55. Rc3 Rb4 56. Rc5+ Kg4 57. Rxa5 e3
58. Re5 e2 59. Re1 Kf3 60. Kb2 Re4 61. Rxe4 Kxe4 62. Kxb3 Kd3 63. Rc1 Kd2 64.
Rc2+ Kd1 65. Kb2 e1=Q 66. Rxg2 Qe5+ 67. Ka3 Qc3+ 68. Ka2 Qc2+ 0-1

[Event "6.Torneo de Promoción Almansa 2011"]
[Site "Almansa ESP"]
[Date "2011.08.13"]
[Round "8.15"]
[White "Ontanon Gomez, Pablo"]
[Black "Gil Quilez, David"]
[Result "1/2-1/2"]
[WhiteElo "2104"]
[BlackElo "2182"]
[PlyCount "33"]
[EventDate "2011.08.09"]
[EventType "swiss"]
[EventRounds "9"]
[EventCountry "ESP"]
[Source "lmi"]
[SourceDate "2011.08.09"]

1. e4 e5 2. Nf3 Nc6 3. Bb5 a6 4. Bxc6 dxc6 5. O-O Bg4 6. h3 Bxf3 7. Qxf3 Qf6 8.
Qxf6 Nxf6 9. d3 Bc5 10. Nd2 Nd7 11. Nc4 O-O-O 12. Be3 f6 13. Rad1 Rhe8 14. Rfe1
Bxe3 15. Nxe3 Nc5 16. g3 Ne6 17. Kg2 1/2-1/2